| 000 | 00594nam a2200217Ia 4500 | ||
|---|---|---|---|
| 999 |
_c45350 _d45350 |
||
| 001 | 12174 | ||
| 003 | GE_BSU | ||
| 005 | 20221114142650.0 | ||
| 008 | 181216s||||||||xx |||||||||||||| ||und|| | ||
| 020 | _a9780716752270x | ||
| 040 | _cGE_BSU | ||
| 080 | _a159.9 | ||
| 100 |
_aHockenbury, H Don; _915795 |
||
| 245 |
_aDiscovering Psychology / _cH. Don Hockenbury, Sandra E. Hockenbury. |
||
| 264 |
_aNew York : _bWorth Publishens, _c2007. |
||
| 300 |
_a587 p.; _b28 cm. |
||
| 300 | _bill. | ||
| 653 | _aDiscovering Psychology. | ||
| 653 | _aფსიქოლოგია | ||
| 942 |
_cBK _2udc |
||